000 00633nam a2200217 u 4500
005 20210223131826.0
008 120921s2003 r 000 0 eng d
020 _a8496249050
035 _aUPN01000186766
049 _aC
050 4 _aN6450
_bG3.2
100 1 _aGarcía Guatas, Manuel
_933186
245 1 3 _aEl arte :
_bel siglo XIX /
_cManuel García Guatas, Pedro Navascués Palacio.
260 _aMadrid :
_bPromolibro,
_c2003.
300 _a88 p. :
_bil. col.
440 0 _aArte
650 4 _aARTE -
_xHISTORIA -
_ySIGLO XIX
_921638
700 1 _aNavascués Palacio, Pedro,
_ecoaut.
905 _aLibro
999 _c158869
_d158869